| 000 | 00000nam 2200000zi 4500 |
| 001 | 9.930531 |
| 003 | CaOODSP |
| 005 | 20241008104536 |
| 006 | m o d f |
| 007 | cr mn||||||||| |
| 008 | 231120t20232023onc ob f000 0 eng d |
| 020 | |a9780660689005 |
| 040 | |aCaOODSP|beng|erda|cCaOODSP |
| 043 | |an-cn--- |
| 045 | |ay2y2 |
| 086 | 1 |aH21-312/2023E-PDF |
| 245 | 04|aThe Canadian cannabis survey 2023 : |bmethodological report / |cprepared for Health Canada. |
| 264 | 1|aOttawa, Ontario : |bHealth Canada = Santé Canada, |c2023. |
| 264 | 4|c©2023 |
| 300 | |a1 online resource (88 pages) + |esummary (4 unnumbered pages) + data tables (193 unnumbered pages) |
| 336 | |atext|btxt|2rdacontent |
| 337 | |acomputer|bc|2rdamedia |
| 338 | |aonline resource|bcr|2rdacarrier |
| 500 | |aIssued also in French under title: Enquête canadienne sur le cannabis 2023 : rapport méthodologique. |
| 500 | |a"Supplier name: Advanis." |
| 500 | |a"Contract number: HT372-22-6211." |
| 500 | |a"Registration number: POR 149-22." |
| 500 | |a"July 2023"--Page 1. |
| 504 | |aIncludes bibliographical references. |
| 650 | 0|aCannabis|zCanada|xPublic opinion. |
| 650 | 0|aMarijuana|zCanada|xPublic opinion. |
| 650 | 0|aMarijuana abuse|zCanada|xPublic opinion. |
| 650 | 0|aMarijuana|xTherapeutic use|zCanada|xPublic opinion. |
| 650 | 0|aPublic opinion|zCanada. |
| 710 | 1 |aCanada. |bHealth Canada, |eissuing body. |
| 710 | 2 |aAdvanis (Firm), |econsultant. |
| 775 | 08|tEnquête canadienne sur le cannabis 2023 : |w(CaOODSP)9.930535 |
| 794 | |tThe Canadian cannabis survey 2024 : |w(CaOODSP)9.943907|tEnquête canadienne sur le cannabis 2024 : |w(CaOODSP)9.943908 |
| 795 | |tThe Canadian cannabis survey 2022 : |w(CaOODSP)9.913289 |
| 856 | 40|qPDF|s2.19 MB|uhttps://publications.gc.ca/collections/collection_2024/sc-hc/H21-312-2023-eng.pdf|z(methodological report) |
| 856 | 40|qPDF|s265 KB|uhttps://publications.gc.ca/collections/collection_2024/sc-hc/H21-312-2023-1-eng.pdf|z(executive summary) |
| 856 | 40|qPDF|s17.37 MB|uhttps://publications.gc.ca/collections/collection_2024/sc-hc/H21-312-2023-2-eng.pdf|z(detailed tables) |
| 856 | 4 |qHTML|sN/A|uhttps://epe.bac-lac.gc.ca/100/200/301/pwgsc-tpsgc/por-ef/health/2023/149-22-e/POR149-22-report.html|z(methodological report) |
| 856 | 4 |qHTML|sN/A|uhttps://epe.bac-lac.gc.ca/100/200/301/pwgsc-tpsgc/por-ef/health/2023/149-22-e/summary/POR149-22-summary.html|z(executive summary) |
| 856 | 4 |qHTML|sN/A|uhttps://epe.bac-lac.gc.ca/100/200/301/pwgsc-tpsgc/por-ef/health/2023/149-22-e/index.html|z(complete dataset) |